| 000 | 01449nam a22003495i 4500 | ||
|---|---|---|---|
| 003 | EG-ScBUE | ||
| 005 | 20240324092231.0 | ||
| 008 | 191113s2019 ua bf f b 001 0 eng d | ||
| 020 | _a9789779065755 | ||
| 040 |
_aEG-ScBUE _beng _erda _cEG-ScBUE _dEG-ScBUE |
||
| 043 | _af-ua--- | ||
| 082 | 0 | 4 |
_a553.280223 _bSOL _222 |
| 100 | 1 |
_aSoliman, Mostafa M., _eauthor. |
|
| 245 | 1 | 3 |
_aAn Egyptian atlas of petroleum rocks and ore minerals / _cMostafa M. Soliman, Professor of Geology, Petroleum Engineering & Gas Technology Department, Faculty of Energy & Environmental Engineering, BUE and Faculty of Science, Zagazig University, Egypt. |
| 250 | _aFirst edition. | ||
| 264 | 1 |
_aCairo : _bThe British University in Egypt (BUE), _c2019. |
|
| 300 |
_axix, 1032 pages, 8 pages of plates : _bmaps ; _c28 cm |
||
| 336 |
_atext _btxt _2rdacontent |
||
| 337 |
_aunmediated _bn _2rdamedia |
||
| 338 |
_avolume _bnc _2rdacarrier |
||
| 504 | _aIncludes bibliographical references and index. | ||
| 650 | 7 |
_aPetroleum _xGeology _zEgypt _vMaps. _2BUEsh |
|
| 650 | 7 |
_aPetroleum _xGeology _zEgypt _vPictorial works. _2BUEsh |
|
| 650 | 7 |
_aOres _zEgypt _vPictorial works. _2BUEsh |
|
| 650 | 7 |
_aOres _zEgypt _vMaps. _2BUEsh |
|
| 650 | 7 |
_aMineralogy _zEgypt _vPictorial works. _2BUEsh |
|
| 650 | 7 |
_aMineralogy _zEgypt _vMaps. _2BUEsh |
|
| 653 |
_bENGPET _cNovember2019 |
||
| 655 | _vReading book | ||
| 942 |
_2ddc _cREFERENCE |
||
| 999 |
_c27755 _d27726 |
||